Escritos y documentos
Saved in:
| Hovedforfatter: | |
|---|---|
| Format: | Bog |
| Sprog: | spansk |
| Udgivet: |
Barcelona
Acantilado Quaderns Crema S. A
2002
|
| Udgivelse: | 1a. ed |
| Serier: | El Acantilado, 54
|
| Fag: | |
| Tags: |
Tilføj Tag
Ingen Tags, Vær først til at tagge denne postø!
|
MARC
| LEADER | 00000cam a2200000 a 4500 | ||
|---|---|---|---|
| 001 | UCC7267 | ||
| 003 | CL-VaPUC | ||
| 008 | 190322e20020000sp |||||||||||||||||spa|d | ||
| 020 | |a 8495359642 | ||
| 082 | 0 | 4 | |a 720.92 |b GAU |2 21 |
| 100 | |a Gaudí i Cornet, Antoni |d 1852-1926. |e author |9 265270 | ||
| 245 | 1 | 0 | |a Escritos y documentos |
| 250 | |a 1a. ed | ||
| 300 | |a 332 p | ||
| 942 | |c BK | ||
| 945 | |d 20190322 14:57:00 |a dcastane | ||
| 260 | |a Barcelona |b Acantilado Quaderns Crema S. A |c 2002 | ||
| 650 | 0 | |a Arquitectos españoles |9 350193 | |
| 650 | 0 | |a Biografías |9 255210 | |
| 650 | 0 | |a Filosofía de la arquitectura |9 267382 | |
| 650 | 0 | |a Historia de la arquitectura |9 266241 | |
| 583 | |a last modification |c 20190322 14:57:00 |k Rodrigo Vera | ||
| 490 | 0 | |a El Acantilado, 54 | |
| 999 | |c 373952 |d 373950 | ||
| 952 | |0 0 |1 0 |3 erb |4 0 |6 720_920000000000000_GAU_2002 |7 0 |8 R |9 492288 |a BIBART |b BIBART |i 5537002 |o 720.92 GAU 2002 |p 5537002 |r 2025-03-13 |w 2019-11-24 |y BK_R |z Catalogado en:20190322 |k ART | ||